000 00335nam a2200145 a 4500
008 971007s1966||||xx 0 und c
040 _aSNK
_bslo
_cSNK
_eAACR2
100 1 _aDreiser, Theodore
245 1 0 _aSestra Carrie
260 _aBratislava
_bTatran
_c1966
300 _a464 s.
020 _c25
044 _axo
_cSK
041 _aslo
999 _c10291
_d10291